| 000 | 00529nam a2200217 a 4500 | ||
|---|---|---|---|
| 005 | 20210219152841.0 | ||
| 008 | 991125n 000 0 spa u | ||
| 035 | _aUPN01000062946 | ||
| 100 | _aCRUZ ALARCON, Delia | ||
| 222 | _aEDUCACION Y DESARROLLO | ||
| 245 | _aAculturación | ||
| 362 | _a1980 Año 2, no. 18 ene. | ||
| 653 | 0 | _aCHIAPAS (ESTADO) | |
| 653 | 0 | _aCIVILIZACION | |
| 653 | 0 | _aCULTURA | |
| 653 | 0 | _aEDUCACION INDIGENA | |
| 653 | 0 | _aMAYAS | |
| 904 |
_aAC _b000757 |
||
| 905 | _aArticulo | ||
| 200 | _a4-8 | ||
| 999 |
_c61917 _d61917 |
||